Huracan Mitch: una mirada a algunas tendencias temáticas para la reducción del riesgo /Estrategia Internacional para la Reducción de Desastres
Gespeichert in:
| Körperschaften: | , |
|---|---|
| Format: | Text |
| Veröffentlicht: |
San José:
Estrategia Internacional para la Reducción de Desastres
|
| Tags: |
Tag hinzufügen
Keine Tags, Fügen Sie den ersten Tag hinzu!
|
MARC
| LEADER | 00000 a a2200000 04500 | ||
|---|---|---|---|
| 001 | 30960 | ||
| 003 | |||
| 040 | |||
| 020 | |a 9968-822-01-9 | ||
| 090 | |a 197300 | ||
| 110 | |a Estrategia Internacional para la Reducción de Desastres | ||
| 245 | |a Huracan Mitch: una mirada a algunas tendencias temáticas para la reducción del riesgo /Estrategia Internacional para la Reducción de Desastres | ||
| 260 | |a San José: |b Estrategia Internacional para la Reducción de Desastres | ||
| 300 | |a 251 p. |b il. | ||
| 710 | |a comp. |a Organización Panamericana de la Salud |a comp. | ||
| 999 | |c 17724 |d 17724 | ||



